Cities on Interstate 70 on a Map - Statistics

General Stats
  • This quiz has been taken 3,023 times
  • The average score is 10 of 15
Answers on the Map
Answers color-coded by a green-red scale on the quiz's map according to % correct below.
 
Answer Stats
Pop. City % Correct
732,144 Denver
98%
863,771 Indianapolis
97%
890,228 Columbus
96%
153,683 Kansas City, KS
96%
501,094 Kansas City, MO
96%
594,450 Baltimore
94%
300,991 Saint Louis
94%
125,353 Topeka
77%
140,231 Dayton
66%
371,922 Aurora
63%
126,024 Columbia
44%
99,762 Lawrence
36%
116,856 Independence
35%
160,429 Lakewood
24%
124,170 Arvada
21%
No matching quizzes found
Score Distribution
Percent of People with Each Score
Percentile by Number Answered
Your Score History
You have not taken this quiz